Komentár k zákonu č. 576/2004 Z.z. o zdravotnej starostlivosti, ...

Komentár k zákonu č. 576/2004 Z.z. o zdravotnej starostlivosti, službách súvisiacich s poskytovaním zdravotnej starostlivosti a o zmene a doplnení niektorých zákonov. Tento zákon svojím obsahom vecne nahrádza zákon NR SR č. 277/1994 Z.z., pričom zostáva v platnosti 9. časť tohto zákona, upravujúca p...

Ausführliche Beschreibung

Gespeichert in:
Bibliographische Detailangaben
1. Verfasser: Szalay, Tomáš
Format: Buchkapitel
Sprache:Slowakisch
Schlagworte:
Tags: Tag hinzufügen
Keine Tags, Fügen Sie das erste Tag hinzu!

MARC

LEADER 00000naa$a2200000$$$4500
001 0026066
005 20230919100347.5
041 0 |a slo 
044 |a SK 
245 1 0 |a Komentár k zákonu č. 576/2004 Z.z. o zdravotnej starostlivosti, ...  |c Tomáš Szalay 
520 |a Komentár k zákonu č. 576/2004 Z.z. o zdravotnej starostlivosti, službách súvisiacich s poskytovaním zdravotnej starostlivosti a o zmene a doplnení niektorých zákonov. Tento zákon svojím obsahom vecne nahrádza zákon NR SR č. 277/1994 Z.z., pričom zostáva v platnosti 9. časť tohto zákona, upravujúca problematiku kúpeľníctva. Financovanie zdravotnej starostlivosti upravuje zákon č. 580/2004 Z.z., zákon č. 577/2004 Z.z. hovorí o rozsahu zdravotnej starostlivosti. 
610 2 0 |a starostlivosť zdravotná 
610 2 0 |a definície 
610 2 0 |a služby 
610 2 0 |a zákony 
610 2 0 |a 2004 
610 2 0 |a Slovensko 
610 2 0 |a novelizácia 
610 2 0 |a komentáre 
100 1 |a Szalay, Tomáš